Data mining and warehousing (Record no. 10628)

MARC details
000 -LEADER
fixed length control field 00571cam a2200217ua 4500
001 - CONTROL NUMBER
control field 11846
005 - DATE AND TIME OF LATEST TRANSACTION
control field 20260515114815.0
008 - FIXED-LENGTH DATA ELEMENTS--GENERAL INFORMATION
fixed length control field 191113n ii |||gr||||Z||||||eng
020 ## - INTERNATIONAL STANDARD BOOK NUMBER
International Standard Book Number 9788183335461
040 ## - CATALOGING SOURCE
Transcribing agency MAIN
082 ## - DEWEY DECIMAL CLASSIFICATION NUMBER
Classification number 004
100 ## - MAIN ENTRY--PERSONAL NAME
Personal name Khushboo Saxena,
Relator term Author.
245 ## - TITLE STATEMENT
Title Data mining and warehousing
Statement of responsibility, etc. By Khushboo Saxena
250 ## - EDITION STATEMENT
Edition statement 1st ed.
260 ## - PUBLICATION, DISTRIBUTION, ETC.
Place of publication, distribution, etc. New Delhi:
Name of publisher, distributor, etc. Bpb publications,
Date of publication, distribution, etc. 2015.
300 ## - PHYSICAL DESCRIPTION
Extent 121p.
653 ## - INDEX TERM--UNCONTROLLED
Uncontrolled term Data processing & computer science
700 ## - ADDED ENTRY--PERSONAL NAME
Personal name Sandeep Saxena,
Relator term Author.,
700 ## - ADDED ENTRY--PERSONAL NAME
Personal name Akash Saxena.
942 ## - ADDED ENTRY ELEMENTS (KOHA)
Koha item type Books
Holdings
Withdrawn status Lost status Damaged status Not for loan Home library Current library Shelving location Date acquired Total checkouts Full call number Barcode Date last seen Copy number Price effective from Koha item type
        Naharkatiya College Library Naharkatiya College Library General stacks 09/19/2020   004Computer science | SAX 24692 09/19/2020 1 09/19/2020 Books
        Naharkatiya College Library Naharkatiya College Library General stacks 09/19/2020   004Computer science | SAX 24693 09/19/2020 2 09/19/2020 Books